El regreso del sujeto: la investigación social de segundo orden

Saved in:
Bibliographic Details
Main Author: Ibáñez Alonso, Jesús (Author)
Format: Book
Language:Spanish
Published: Madrid Siglo Veintiuno 1994
Subjects:
Tags: Add Tag
No Tags, Be the first to tag this record!

MARC

LEADER 00000nam a2200000 a 4500
001 UCM6741
003 CL-VaPUC
008 021122e19940000SP |||||||||||||||||spa|d
082 0 4 |a 300.18  |b IBA  |2 21 
100 |a Ibáñez Alonso, Jesús  |e author  |9 570675 
245 1 3 |a El regreso del sujeto: la investigación social de segundo orden 
300 |a 193 p 
942 |c BK 
945 |d 20021122 00:00:00  |a cmena 
260 |a Madrid  |b Siglo Veintiuno  |c 1994 
650 0 |a Ciencias sociales   |9 256351 
650 0 |a Ciencias sociales  |v Investigación  |9 307767 
583 |a last modification  |c 20021122 00:00:00  |k Rodrigo Vera 
999 |c 301969  |d 301967 
952 |0 0  |1 0  |4 0  |6 300_180000000000000_IBA_1994  |7 0  |8 R  |9 361904  |a BIBGIM  |b BIBGIM  |d 2019-11-21  |i 309393K  |l 1  |m 1  |o 300.18 IBA 1994  |p 309393K  |r 2025-01-15  |s 2023-10-02  |w 2019-11-21  |y BK_R  |k SSL